[Event "Memorial Guido Cappello"]
[Site "Milano ITA"]
[Date "2015.05.26"]
[Round "4"]
[White "Frignani, Alessandro"]
[Black "Gori, Andrea"]
[WhiteElo "1407"]
[BlackElo "2079"]
[Result "0-1"]
[PlyCount "44"]
[EventDate "2015.06.15"]

1. e4 e5 2. Bc4 Nc6 3. Nf3 Bc5 4. d3 Nf6 5. h3 d6 6. Ng5 O-O 7. c3 a5 8. Qb3
Qe7 9. a4 Nd8 10. Qc2 c6 11. Qe2 Ne6 12. Na3 Nf4 13. Bxf4 exf4 14. Nf3 Re8 15.
Bb3 Nd7 16. O-O-O Bxa3 17. bxa3 d5 18. Kb2 dxe4 19. Rhe1 Nc5 20. d4 Nxb3 21.
Kxb3 Be6+ 22. c4 exf3 0-1

[Event "Memorial Guido Cappello"]
[Site "Milano ITA"]
[Date "2015.05.26"]
[Round "4"]
[White "Nepi, Ezio"]
[Black "Rottondi, Paolo"]
[WhiteElo "1963"]
[BlackElo "1612"]
[Result "1-0"]
[PlyCount "67"]
[EventDate "2015.06.15"]

1. d4 d5 2. c4 Bf5 3. cxd5 Bxb1 4. Rxb1 Qxd5 5. Qa4+ Nc6 6. e3 e6 7. Bd2 Qf5 8.
Rc1 Nge7 9. Nf3 f6 10. Be2 a6 11. Rc5 Qb1+ 12. Bc1 Kf7 13. O-O Nd5 14. Rxd5
exd5 15. Qb3 Nb4 16. a3 Qa2 17. Qxa2 Nxa2 18. Bd2 a5 19. Ra1 Nb4 20. axb4 Bxb4
21. Bd3 Bxd2 22. Nxd2 Rhe8 23. Nb3 b6 24. Bb5 Re6 25. Rc1 a4 26. Nd2 Ra5 27.
Bc6 f5 28. Bd7 Re7 29. Bxf5 Rb5 30. Rc2 c5 31. Bd3 c4 32. Nxc4 Rb4 33. Ne5+
Rxe5 34. dxe5 1-0

[Event "Memorial Guido Cappello"]
[Site "Milano ITA"]
[Date "2015.05.26"]
[Round "4"]
[White "Pelizzola, Danilo"]
[Black "Papale, Carmelo"]
[WhiteElo "2080"]
[BlackElo "1794"]
[Result "0-1"]
[PlyCount "90"]
[EventDate "2015.06.15"]

1. e4 c5 2. Nf3 d6 3. d4 cxd4 4. Nxd4 Nf6 5. Nc3 a6 6. Be2 e5 7. Nb3 Be7 8. O-O
Qc7 9. Be3 Be6 10. Qd2 Nbd7 11. Rfd1 Rc8 12. a4 O-O 13. a5 Rfd8 14. Qe1 Qc6 15.
Bf3 Nf8 16. Bb6 Rd7 17. Nd5 Bxd5 18. exd5 Qc4 19. Nd2 Qb4 20. c3 Qxb2 21. Ne4
Nxe4 22. Bxe4 g6 23. Rdc1 Qb3 24. Rab1 Qa3 25. c4 Bd8 26. Rc3 Qa2 27. Ra1 Qb2
28. Rc2 Qb3 29. Rb1 Qa3 30. Rc3 Qa2 31. Bc2 Bxb6 32. Ra1 Qb2 33. Rb1 Qa2 34.
axb6 Qa5 35. g4 Re7 36. Qe3 Qc5 37. Qf3 Rce8 38. Ba4 Nd7 39. Bxd7 Rxd7 40. h4
Qd4 41. Rbb3 f6 42. Qxf6 Rf7 43. Qxd6 Qxf2+ 44. Kh1 Qf1+ 45. Kh2 Rf2+ 0-1

[Event "Memorial Guido Cappello"]
[Site "Milano ITA"]
[Date "2015.05.26"]
[Round "4"]
[White "Ricciardi, Arcangelo"]
[Black "Brisotto, Stefano"]
[WhiteElo "1737"]
[BlackElo "1463"]
[Result "1-0"]
[PlyCount "79"]
[EventDate "2015.06.15"]

1. e4 c5 2. Nf3 Nc6 3. Bb5 Nf6 4. e5 Ng4 5. Bxc6 dxc6 6. d3 g6 7. Nc3 Bg7 8.
Bf4 O-O 9. Qd2 f6 10. exf6 exf6 11. O-O Qb6 12. Rab1 Re8 13. h3 Ne5 14. Nxe5
fxe5 15. Rfe1 Bxh3 16. Be3 Bf5 17. f3 h5 18. Qf2 Qa5 19. Bxc5 b6 20. b4 Qa6 21.
Be3 Rad8 22. b5 cxb5 23. Nxb5 Bd7 24. Nc7 Qxa2 25. Nxe8 Bxe8 26. Ra1 Qf7 27.
Bg5 Rc8 28. Re4 a5 29. Qxb6 a4 30. Qb2 Qf5 31. Qa2+ Kh7 32. Bc1 Bc6 33. Re1 e4
34. fxe4 Qc5+ 35. Be3 Qa5 36. Rad1 Bc3 37. Qf7+ Bg7 38. Bd4 Rg8 39. e5 Kh6 40.
Qxg8 1-0

[Event "Memorial Guido Cappello"]
[Site "Milano ITA"]
[Date "2015.05.26"]
[Round "4"]
[White "Spada, Maurizio"]
[Black "Silari, Andrea"]
[WhiteElo "1599"]
[BlackElo "1694"]
[Result "0-1"]
[PlyCount "90"]
[EventDate "2015.06.15"]

1. e4 c5 2. Nf3 Nc6 3. d4 cxd4 4. Nxd4 Nf6 5. Nc3 d6 6. Be3 e6 7. Be2 Be7 8.
Qd2 O-O 9. f4 a6 10. g4 Nxd4 11. Bxd4 e5 12. Be3 Nxg4 13. O-O-O Nxe3 14. Qxe3
exf4 15. Qf3 Bf6 16. Nd5 Be5 17. h4 Be6 18. Bc4 Rc8 19. Bb3 Bxd5 20. Bxd5 Qc7
21. Bb3 b5 22. a4 bxa4 23. Bxa4 Qa5 24. Qa3 Rc4 25. b3 Rxe4 26. h5 Rc8 27. Rd2
Qc3 28. Bd7 Ra8 29. Bf5 Ra4 30. Qxa4 Qb2+ 31. Kd1 Qb1+ 32. Ke2 Qxh1 33. Be4
Qxh5+ 34. Bf3 Qh2+ 35. Kd3 Qh3 36. Qe4 Rc8 37. c4 Qf1+ 38. Kc2 Qa1 39. Qd3 g6
40. Bd5 Rf8 41. Rg2 Kg7 42. Qh3 Qb2+ 43. Kd1 Qb1+ 44. Ke2 Qc2+ 45. Kf1 Qd1+ 0-1

[Event "Memorial Guido Cappello"]
[Site "Milano ITA"]
[Date "2015.05.28"]
[Round "5"]
[White "Brisotto, Stefano"]
[Black "Frignani, Alessandro"]
[WhiteElo "1463"]
[BlackElo "1407"]
[Result "1-0"]
[PlyCount "49"]
[EventDate "2015.06.15"]

1. e4 e5 2. Nf3 Qf6 3. Nc3 c6 4. d4 exd4 5. Bg5 Qd6 6. Nxd4 f6 7. Be3 Qb4 8. a3
Qxb2 9. Na4 Bb4+ 10. axb4 Qxb4+ 11. c3 Qe7 12. Bd3 b5 13. Nf5 Qf8 14. Bc5 d6
15. Nxd6+ Kd7 16. Nb6+ axb6 17. Rxa8 bxc5 18. Nxc8 Kxc8 19. O-O Qd6 20. Qf3 Nh6
21. Rfa1 Kd7 22. R1a7+ Ke6 23. Qh3+ Ke5 24. f4+ Kxf4 25. Qg3# 1-0

[Event "Memorial Guido Cappello"]
[Site "Milano ITA"]
[Date "2015.05.28"]
[Round "5"]
[White "Gori, Andrea"]
[Black "Beccari, Paolo"]
[WhiteElo "2079"]
[BlackElo "1821"]
[Result "1-0"]
[PlyCount "83"]
[EventDate "2015.06.15"]

1. d4 Nf6 2. Bg5 e6 3. Nc3 d5 4. e4 dxe4 5. Nxe4 Be7 6. Nxf6+ Bxf6 7. Bxf6 Qxf6
8. Nf3 O-O 9. Bd3 c5 10. c3 cxd4 11. Nxd4 Nc6 12. Nxc6 bxc6 13. O-O Rd8 14. Qe2
Bb7 15. Be4 Rd7 16. Qe3 c5 17. Rad1 Rxd1 18. Rxd1 Rd8 19. Rxd8+ Qxd8 20. f3
Bxe4 21. Qxe4 Qd1+ 22. Kf2 Qd2+ 23. Qe2 Qd6 24. Qe3 g6 25. g3 Qd1 26. Qe2 Qxe2+
27. Kxe2 Kf8 28. Kd3 Ke7 29. Kc4 Kd6 30. b4 cxb4 31. cxb4 Kc6 32. a4 f6 33. b5+
Kb6 34. Kb4 g5 35. a5+ Kc7 36. Kc5 e5 37. b6+ axb6+ 38. axb6+ Kd7 39. g4 Kc8
40. Kd5 Kb7 41. Ke6 h5 42. h3 1-0

[Event "Memorial Guido Cappello"]
[Site "Milano ITA"]
[Date "2015.05.28"]
[Round "5"]
[White "Mina, N. Mina"]
[Black "Cantoro, Daniele"]
[WhiteElo "2180"]
[BlackElo "2107"]
[Result "1/2-1/2"]
[PlyCount "88"]
[EventDate "2015.06.15"]

1. c4 c5 2. Nc3 Nc6 3. Nf3 g6 4. g3 Bg7 5. Bg2 Nf6 6. O-O O-O 7. d4 cxd4 8.
Nxd4 d6 9. Bxc6 bxc6 10. Nxc6 Qd7 11. Nd5 Re8 12. Ncb4 e6 13. Nc3 a5 14. Nc2
Bb7 15. f3 Ba6 16. Bf4 e5 17. Bg5 Bxc4 18. Ne3 Qa7 19. Kg2 d5 20. Nxc4 dxc4 21.
Bxf6 Bxf6 22. Nd5 Be7 23. e4 Reb8 24. Qc2 Bc5 25. Rab1 Bd4 26. Qxc4 Rc8 27. Qd3
Rab8 28. b3 Rc5 29. Rfc1 Rbc8 30. Qd2 Kg7 31. h4 h5 32. a3 Ra8 33. b4 axb4 34.
axb4 Qa2 35. Qxa2 Rxa2+ 36. Kh3 Rxc1 37. Rxc1 Rf2 38. f4 Re2 39. f5 gxf5 40.
exf5 Rd2 41. f6+ Kg6 42. Rc6 Bf2 43. Nc3 Rb2 44. Nd5 Rd2 1/2-1/2

[Event "Memorial Guido Cappello"]
[Site "Milano ITA"]
[Date "2015.05.28"]
[Round "5"]
[White "Papale, Carmelo"]
[Black "Miracola, Giorgia"]
[WhiteElo "1794"]
[BlackElo "1870"]
[Result "0-1"]
[PlyCount "50"]
[EventDate "2015.06.15"]

1. e4 Nf6 2. e5 Nd5 3. c4 Nb6 4. d4 d6 5. f4 g5 6. Nc3 Bg7 7. Nf3 Bg4 8. Be2
gxf4 9. Bxf4 Nc6 10. exd6 cxd6 11. d5 Bxf3 12. Bxf3 Ne5 13. Be2 Rc8 14. O-O
Nbxc4 15. Bxc4 Rxc4 16. Qh5 Ng6 17. Be3 Qc8 18. Rfe1 Qg4 19. Qxg4 Rxg4 20. Bxa7
O-O 21. a3 Rc8 22. Rec1 Bxc3 23. bxc3 Nf4 24. Bd4 Ne2+ 25. Kf2 Nxc1 0-1

[Event "Memorial Guido Cappello"]
[Site "Milano ITA"]
[Date "2015.05.28"]
[Round "5"]
[White "Pelizzola, Danilo"]
[Black "Cani, Gazmir"]
[WhiteElo "2080"]
[BlackElo "2128"]
[Result "1/2-1/2"]
[PlyCount "34"]
[EventDate "2015.06.15"]

1. e4 Nf6 2. Nc3 e5 3. Nf3 Bb4 4. Nxe5 O-O 5. Bc4 d6 6. Nd3 Bxc3 7. dxc3 Nxe4
8. O-O h6 9. Qf3 Nf6 10. h3 Nc6 11. Be3 Na5 12. Bb5 c6 13. Ba4 Nc4 14. Bb3 Nxe3
15. Qxe3 Re8 16. Qf3 Be6 17. Rfe1 Bxb3 1/2-1/2

[Event "Memorial Guido Cappello"]
[Site "Milano ITA"]
[Date "2015.05.28"]
[Round "5"]
[White "Rottondi, Paolo"]
[Black "Arena, Ignazio"]
[WhiteElo "1612"]
[BlackElo "1441"]
[Result "0-1"]
[PlyCount "54"]
[EventDate "2015.06.15"]

1. e4 c5 2. d4 cxd4 3. c3 dxc3 4. Nxc3 d6 5. Bc4 Nf6 6. Nf3 Nc6 7. e5 dxe5 8.
Qxd8+ Nxd8 9. Nxe5 a6 10. Be3 Be6 11. Be2 g6 12. Bf3 Bg7 13. O-O O-O 14. Rfd1
Rc8 15. Rac1 h6 16. h3 Re8 17. Bd4 h5 18. Ne4 Rxc1 19. Rxc1 Nxe4 20. Bxe4 Bxe5
21. Bxe5 Bxa2 22. Rc7 e6 23. Bf6 Bd5 24. Bc2 Kf8 25. f3 Bc6 26. Kf2 e5 27. Ke3
Ne6 0-1

[Event "Memorial Guido Cappello"]
[Site "Milano ITA"]
[Date "2015.05.28"]
[Round "5"]
[White "Silari, Andrea"]
[Black "Ricciardi, Arcangelo"]
[WhiteElo "1694"]
[BlackElo "1737"]
[Result "1-0"]
[PlyCount "55"]
[EventDate "2015.06.15"]

1. c4 e5 2. g3 Nf6 3. Bg2 Bc5 4. e3 Nc6 5. a3 a5 6. Nc3 O-O 7. Nge2 d6 8. h3
Bd7 9. O-O Qc8 10. Kh2 h6 11. d4 Ba7 12. Nb5 Ne7 13. Nxa7 Rxa7 14. b3 Nh7 15.
Bb2 f6 16. f4 exf4 17. exf4 Nf5 18. Qd3 Re8 19. Be4 Nf8 20. g4 Ne7 21. d5 c6
22. g5 Nf5 23. gxf6 g6 24. Rg1 Kf7 25. Nd4 c5 26. Nxf5 Bxf5 27. Bxf5 Re2+ 28.
Qxe2 1-0

[Event "Memorial Guido Cappello"]
[Site "Milano ITA"]
[Date "2015.06.04"]
[Round "6"]
[White "Arena, Ignazio"]
[Black "Pelizzola, Danilo"]
[WhiteElo "1441"]
[BlackElo "2080"]
[Result "1/2-1/2"]
[PlyCount "130"]
[EventDate "2015.06.15"]

1. d4 Nf6 2. c4 e6 3. Nc3 Bb4 4. Qc2 d5 5. a3 Be7 6. Nf3 O-O 7. cxd5 exd5 8.
Bf4 c6 9. e3 Nbd7 10. Bd3 Re8 11. O-O a5 12. Nb5 Rf8 13. Bc7 Qe8 14. Nd6 Bxd6
15. Bxd6 h6 16. Bxf8 Qxf8 17. h3 Qd6 18. Rac1 Nf8 19. Qc5 Qd8 20. Qc2 Qd6 21.
Qc5 Qd8 22. Ra1 Bd7 23. b4 Ne6 24. Qc3 Be8 25. bxa5 Rxa5 26. Rfb1 Ra7 27. a4
Qa8 28. a5 Nd7 29. Rb3 Nd8 30. Rba3 Ne6 31. Nd2 Nf6 32. Rb1 Bd7 33. Rbb3 Bc8
34. f3 Qb8 35. a6 Ng5 36. axb7 Rxb7 37. Qxc6 Qc7 38. Qxc7 Rxc7 39. Rb8 Nd7 40.
Rb5 Bb7 41. Ra7 Rc1+ 42. Kh2 Bc6 43. Rb1 Rc3 44. Rb3 Rc1 45. Bb5 Nf6 46. Bxc6
Rxc6 47. Rbb7 Rc2 48. h4 Ne6 49. Nf1 Rc1 50. Ng3 Re1 51. Rxf7 Rxe3 52. Nf5 Re2
53. Nxh6+ Kh8 54. Rae7 Nxd4 55. Rxg7 Nxf3+ 56. Kh1 Rxe7 57. Rxe7 Nxh4 58. Re6
Kg7 59. g3 Ng6 60. Nf5+ Kf7 61. Rd6 Ne4 62. Rxd5 Ke6 63. Ne3 Nxg3+ 64. Kg2 Nf4+
65. Kxg3 Nxd5 1/2-1/2

[Event "Memorial Guido Cappello"]
[Site "Milano ITA"]
[Date "2015.06.04"]
[Round "6"]
[White "Beccari, Paolo"]
[Black "Brisotto, Stefano"]
[WhiteElo "1821"]
[BlackElo "1463"]
[Result "1-0"]
[PlyCount "35"]
[EventDate "2015.06.15"]

1. e4 c5 2. Nf3 Nc6 3. Bb5 Nf6 4. Nc3 g6 5. O-O Bg7 6. Re1 O-O 7. d3 a6 8. Bc4
b5 9. Bb3 Na5 10. e5 Nxb3 11. exf6 Nxa1 12. fxe7 Qa5 13. exf8=Q+ Kxf8 14. Bf4
b4 15. Bd6+ Kg8 16. Re8+ Bf8 17. Rxf8+ Kg7 18. Qe1 1-0

[Event "Memorial Guido Cappello"]
[Site "Milano ITA"]
[Date "2015.06.04"]
[Round "6"]
[White "Cani, Gazmir"]
[Black "Nepi, Ezio"]
[WhiteElo "2128"]
[BlackElo "1963"]
[Result "1-0"]
[PlyCount "29"]
[EventDate "2015.06.15"]

1. d4 d5 2. Nf3 Nf6 3. c4 c6 4. Nc3 e6 5. Bg5 h6 6. Bh4 dxc4 7. e4 g5 8. Bg3 b5
9. Be2 Bb7 10. O-O Nbd7 11. Ne5 a6 12. Bh5 Nxh5 13. Qxh5 Nxe5 14. Bxe5 Qe7 15.
Bxh8 1-0

[Event "Memorial Guido Cappello"]
[Site "Milano ITA"]
[Date "2015.06.04"]
[Round "6"]
[White "Cantoro, Daniele"]
[Black "Silari, Andrea"]
[WhiteElo "2107"]
[BlackElo "1694"]
[Result "1-0"]
[PlyCount "49"]
[EventDate "2015.06.15"]

1. d4 f5 2. c4 Nf6 3. Nc3 e6 4. h3 Be7 5. g4 d5 6. Bf4 c6 7. e3 Ne4 8. Nf3 Qa5
9. Qc2 Bb4 10. Rc1 Qxa2 11. gxf5 exf5 12. cxd5 cxd5 13. Bxb8 Rxb8 14. Bb5+ Bd7
15. Bxd7+ Kxd7 16. O-O Bxc3 17. Ne5+ Ke6 18. f3 Qxb2 19. fxe4 Bxd4 20. exd5+
Kxd5 21. Qd3 Kxe5 22. Rc5+ Bxc5 23. Rxf5+ Ke6 24. Qd5+ Ke7 25. Rf7+ 1-0

[Event "Memorial Guido Cappello"]
[Site "Milano ITA"]
[Date "2015.06.04"]
[Round "6"]
[White "Gori, Andrea"]
[Black "Papale, Carmelo"]
[WhiteElo "2079"]
[BlackElo "1794"]
[Result "1-0"]
[PlyCount "95"]
[EventDate "2015.06.15"]

1. d4 Nf6 2. c4 c5 3. d5 b5 4. cxb5 a6 5. bxa6 Bxa6 6. g3 d6 7. Bg2 g6 8. b3
Bg7 9. Bb2 O-O 10. Nh3 Qa5+ 11. Bc3 Qc7 12. O-O Nbd7 13. Re1 Rab8 14. e4 e5 15.
Nd2 Nb6 16. Qc2 Qa7 17. Ng5 Na8 18. Bf1 Nc7 19. a4 Ng4 20. Nc4 Rbd8 21. f3 Nf6
22. Kg2 Nh5 23. Na5 Rd7 24. Nc6 Qa8 25. b4 cxb4 26. Bxb4 h6 27. Nh3 f5 28. Bxd6
Rxd6 29. Ne7+ Kh7 30. Qxc7 Rdf6 31. Bb5 fxe4 32. fxe4 Bb7 33. Rf1 R8f7 34. Bc6
Bxc6 35. Rxf6 Nxf6 36. Qxc6 Qa5 37. Qe6 Qd2+ 38. Nf2 Rf8 39. Rf1 Qe2 40. a5
Nxe4 41. Qxg6+ Kh8 42. Nf5 Rg8 43. Nxg7 Rf8 44. Nf5 Rxf5 45. Qxh6+ Kg8 46. Qg6+
Kh8 47. Qxf5 Nd2 48. Rc1 1-0

[Event "Memorial Guido Cappello"]
[Site "Milano ITA"]
[Date "2015.06.04"]
[Round "6"]
[White "Miracola, Giorgia"]
[Black "Mina, N. Mina"]
[WhiteElo "1870"]
[BlackElo "2180"]
[Result "1-0"]
[PlyCount "53"]
[EventDate "2015.06.15"]

1. e4 d6 2. d4 Nf6 3. Nc3 c6 4. a4 Qa5 5. Bd3 e5 6. Nge2 Be7 7. O-O O-O 8. Bd2
Qc7 9. h3 Nbd7 10. f4 exd4 11. Nxd4 Nc5 12. Qf3 Re8 13. Rae1 Bf8 14. e5 Nxd3
15. cxd3 Qb6 16. exf6 Qxd4+ 17. Kh1 Rxe1 18. Rxe1 Qxf6 19. Re8 Bg4 20. Rxf8+
Rxf8 21. Qxg4 Qd4 22. Qg3 Re8 23. Ne4 Rxe4 24. Bc3 Re3 25. Qh4 Qb6 26. Bd4 Qc7
27. Bxe3 1-0

[Event "Memorial Guido Cappello"]
[Site "Milano ITA"]
[Date "2015.06.04"]
[Round "6"]
[White "Ricciardi, Arcangelo"]
[Black "Colica, Daniele"]
[WhiteElo "1737"]
[BlackElo "1638"]
[Result "1-0"]
[PlyCount "88"]
[EventDate "2015.06.15"]

1. e4 d5 2. exd5 Nf6 3. c4 e6 4. dxe6 Bxe6 5. Nf3 Nc6 6. Nc3 Bc5 7. Be2 O-O 8.
O-O a6 9. a3 Nd4 10. d3 h6 11. b4 Nxf3+ 12. Bxf3 Bd4 13. Bb2 c6 14. Qd2 Bf5 15.
Ne4 Nxe4 16. dxe4 Bxb2 17. Qxb2 Be6 18. Rfd1 Qg5 19. c5 Rad8 20. Qc3 Bg4 21.
Bxg4 Qxg4 22. f3 Qe6 23. Rd3 Rd7 24. Rad1 Rfd8 25. h3 Rxd3 26. Rxd3 Rxd3 27.
Qxd3 Qa2 28. f4 Qa1+ 29. Kf2 Qf6 30. g3 Qa1 31. e5 Qh1 32. Qd7 Qh2+ 33. Kf3 Qa2
34. Kg4 g6 35. Kh4 Qxa3 36. e6 fxe6 37. Qxe6+ Kh8 38. Qc8+ Kg7 39. Qxb7+ Kh8
40. Qxc6 g5+ 41. Kh5 Qxg3 42. Qe8+ Kg7 43. Qg6+ Kh8 44. Qxh6+ Kg8 1-0

[Event "Memorial Guido Cappello"]
[Site "Milano ITA"]
[Date "2015.06.04"]
[Round "6"]
[White "Spada, Maurizio"]
[Black "Frignani, Alessandro"]
[WhiteElo "1599"]
[BlackElo "1407"]
[Result "1-0"]
[PlyCount "85"]
[EventDate "2015.06.15"]

1. e4 e5 2. Nf3 Qf6 3. Nc3 c6 4. Bc4 h6 5. d4 d6 6. dxe5 dxe5 7. Be3 Bg4 8. h3
Be6 9. Bb3 Nd7 10. Qd2 Bb4 11. O-O-O O-O-O 12. Qe2 Bxb3 13. axb3 Kb8 14. g4 Ne7
15. g5 Qe6 16. h4 Bc5 17. Nd2 b5 18. f4 hxg5 19. f5 Qd6 20. Nf3 Bxe3+ 21. Qxe3
Qc7 22. Qxg5 f6 23. Qxg7 Nc8 24. Qg1 Nd6 25. Qe1 Nc5 26. h5 b4 27. Na2 a5 28.
Nd2 Rdg8 29. Qe3 Ndb7 30. Rh4 Qd7 31. h6 Rg5 32. Nc4 Qe7 33. Nd6 Kc7 34. Nxb7
Kxb7 35. Kb1 Na6 36. Rh2 Rgg8 37. Rhd2 Rd8 38. Rxd8 Rxd8 39. Rxd8 Qxd8 40. Qg1
Nc7 41. Qg7 Kb6 42. h7 Ne8 43. Qg1+ 1-0

[Event "Memorial Guido Cappello"]
[Site "Milano ITA"]
[Date "2015.06.09"]
[Round "7"]
[White "Cantoro, Daniele"]
[Black "Gori, Andrea"]
[WhiteElo "2107"]
[BlackElo "2079"]
[Result "1-0"]
[PlyCount "87"]
[EventDate "2015.06.15"]

1. d4 Nf6 2. c4 d5 3. Nc3 c6 4. cxd5 Nxd5 5. e4 Nxc3 6. bxc3 e6 7. Nf3 Nd7 8.
Bd3 b6 9. O-O Be7 10. c4 Qc7 11. Bb2 Bb7 12. Qe2 O-O 13. Rad1 Rae8 14. Bb1 c5
15. d5 exd5 16. cxd5 Bf6 17. Bxf6 Nxf6 18. d6 Qc6 19. e5 Nd7 20. Rfe1 Rxe5 21.
Qxe5 Nxe5 22. Rxe5 f6 23. Re7 Rd8 24. Rde1 Bc8 25. a4 Bd7 26. Ba2+ c4 27. Nd2
Qxa4 28. Bxc4+ Kh8 29. Rf7 Bf5 30. Ree7 Qd1+ 31. Nf1 Qxd6 32. Rxg7 a5 33. Ne3
Bb1 34. g4 a4 35. Nf5 Bxf5 36. gxf5 Qd1+ 37. Kg2 Qh5 38. Rd7 Qxf5 39. Rxh7+
Qxh7 40. Rxd8+ Kg7 41. Rd7+ Kh6 42. Rxh7+ Kxh7 43. Kf3 Kh6 44. Kf4 1-0

[Event "Memorial Guido Cappello"]
[Site "Milano ITA"]
[Date "2015.06.09"]
[Round "7"]
[White "Colica, Daniele"]
[Black "Beccari, Paolo"]
[WhiteElo "1638"]
[BlackElo "1821"]
[Result "0-1"]
[PlyCount "72"]
[EventDate "2015.06.15"]

1. g4 d5 2. Bg2 e5 3. c4 c6 4. cxd5 cxd5 5. Qb3 Nf6 6. g5 Ne4 7. h4 Qc7 8. Nc3
Nxc3 9. bxc3 Be6 10. Bxd5 Bxd5 11. Qxd5 Nc6 12. Nf3 Rd8 13. Qe4 Be7 14. h5 h6
15. d3 Nd4 16. cxd4 Qc3+ 17. Kf1 Qxa1 18. Kg2 hxg5 19. Qxe5 f6 20. Qe6 Qc3 21.
Bd2 Qc6 22. Qf5 Qd5 23. Qg6+ Qf7 24. Qf5 Rxh5 25. Rxh5 Qxh5 26. d5 g6 27. Qe6
Rd6 28. Qc8+ Kf7 29. Qxb7 g4 30. Ng5+ fxg5 31. Bb4 Qh3+ 32. Kg1 g3 33. fxg3
Qxg3+ 34. Kh1 Qh3+ 35. Kg1 Qe3+ 36. Kh1 Qb6 0-1

[Event "Memorial Guido Cappello"]
[Site "Milano ITA"]
[Date "2015.06.09"]
[Round "7"]
[White "Mina, N. Mina"]
[Black "Cani, Gazmir"]
[WhiteElo "2180"]
[BlackElo "2128"]
[Result "1/2-1/2"]
[PlyCount "92"]
[EventDate "2015.06.15"]

1. e4 Nf6 2. e5 Nd5 3. d4 d6 4. Nf3 dxe5 5. Nxe5 g6 6. c4 Nb6 7. Be3 Bg7 8. Nc3
O-O 9. Be2 c5 10. Nf3 cxd4 11. Nxd4 Nc6 12. Nxc6 Qxd1+ 13. Nxd1 bxc6 14. Bc5
Bf6 15. Rc1 Be6 16. b3 Nd7 17. Be3 Bf5 18. g4 Be6 19. h3 Rfd8 20. Nc3 Ne5 21.
Ne4 Nd3+ 22. Bxd3 Rxd3 23. Nc5 Rd6 24. Bf4 Rd4 25. Nxe6 fxe6 26. Be3 Rd7 27.
Rd1 Rxd1+ 28. Kxd1 Kf7 29. Kc2 Ke8 30. Rd1 Be5 31. a4 a5 32. Bc5 Bc7 33. Rd3 h5
34. Kd1 Bd6 35. Bxd6 Rd8 36. c5 exd6 37. cxd6 Kd7 38. Kc2 Rf8 39. f3 hxg4 40.
fxg4 g5 41. b4 axb4 42. Kb3 c5 43. Kc4 Ra8 44. Kxc5 Rxa4 45. Rf3 Ra5+ 46. Kxb4
Rd5 1/2-1/2

[Event "Memorial Guido Cappello"]
[Site "Milano ITA"]
[Date "2015.06.09"]
[Round "7"]
[White "Nepi, Ezio"]
[Black "Spada, Maurizio"]
[WhiteElo "1963"]
[BlackElo "1599"]
[Result "0-1"]
[PlyCount "133"]
[EventDate "2015.06.15"]

1. d4 d5 2. c4 c6 3. Nf3 Nf6 4. Qc2 e6 5. g3 Nbd7 6. Bg2 Bd6 7. O-O O-O 8. Nbd2
c5 9. cxd5 Nxd5 10. Nc4 Be7 11. dxc5 Bxc5 12. Rd1 Qc7 13. e4 N5b6 14. b3 Nxc4
15. Qxc4 b6 16. Ba3 b5 17. Qc1 Qb6 18. Bxc5 Nxc5 19. e5 Ne4 20. Qc2 Bb7 21. Rd4
Rac8 22. Qe2 Nxg3 23. Qd3 Rc3 24. Qd2 Nf5 25. Qxc3 Bxf3 26. Rf4 Bxg2 27. Kxg2
Rd8 28. Rc1 h6 29. Qc7 Qxc7 30. Rxc7 Rd5 31. Re4 a5 32. Ra7 b4 33. Re2 g5 34.
Ra6 Kg7 35. Re4 h5 36. Kf1 h4 37. Ke1 Kg6 38. Rc6 Nd4 39. Rd6 Nf3+ 40. Ke2 Nxh2
41. Rxd5 exd5 42. e6 fxe6 43. Rxe6+ Kf5 44. Ra6 g4 45. Rxa5 Ke4 46. Ra8 Nf3 47.
Re8+ Kf5 48. Rf8+ Ke4 49. Rg8 Kf5 50. Rh8 h3 51. Ke3 d4+ 52. Kd3 h2 53. Kc4 Kg5
54. Rg8+ Kf4 55. Rh8 g3 56. fxg3+ Kxg3 57. Kxb4 Nh4 58. Rg8+ Kh3 59. Rd8 h1=Q
60. Rxd4 Qe1+ 61. Ka4 Nf5 62. Rc4 Qe2 63. a3 Nd6 64. Rc5 Qa6+ 65. Ra5 Qc6+ 66.
Kb4 Qe4+ 67. Kc3 0-1

[Event "Memorial Guido Cappello"]
[Site "Milano ITA"]
[Date "2015.06.09"]
[Round "7"]
[White "Ricciardi, Arcangelo"]
[Black "Arena, Ignazio"]
[WhiteElo "1737"]
[BlackElo "1441"]
[Result "1-0"]
[PlyCount "57"]
[EventDate "2015.06.15"]

1. e4 c5 2. Nf3 a6 3. Nc3 Nf6 4. e5 Ng8 5. d4 cxd4 6. Nxd4 Nc6 7. Nf3 g6 8. Bf4
Bg7 9. Bc4 e6 10. O-O Nge7 11. Ne4 Nf5 12. Bg5 Qc7 13. Nf6+ Bxf6 14. Bxf6 Rg8
15. Qd2 b5 16. Bb3 Na5 17. Rfd1 Nc4 18. Bxc4 Qxc4 19. b3 Qc7 20. Rac1 Ra7 21.
c4 bxc4 22. Rxc4 Qb8 23. Ng5 h5 24. Qa5 Ne7 25. Qa3 Nf5 26. Ne4 d5 27. exd6 Rd7
28. Be5 Ne7 29. Nf6+ 1-0

[Event "Memorial Guido Cappello"]
[Site "Milano ITA"]
[Date "2015.06.09"]
[Round "7"]
[White "Silari, Andrea"]
[Black "Pelizzola, Danilo"]
[WhiteElo "1694"]
[BlackElo "2080"]
[Result "0-1"]
[PlyCount "70"]
[EventDate "2015.06.15"]

1. c4 b6 2. e4 e5 3. Nc3 Nf6 4. a3 Bb7 5. d3 Bc5 6. b4 Bd4 7. Bb2 d6 8. g3 Nbd7
9. Bg2 O-O 10. Nge2 c5 11. O-O cxb4 12. axb4 Bxc3 13. Bxc3 Qc7 14. Qd2 h6 15.
f4 a6 16. fxe5 dxe5 17. Rf5 Rae8 18. Raf1 Nh7 19. Bh3 Bc8 20. Bg2 Nb8 21. Rh5
b5 22. c5 a5 23. bxa5 Bg4 24. Bf3 Bxh5 25. Bxh5 Nc6 26. Kg2 Qd7 27. h4 Rd8 28.
Rf3 Qe7 29. Bb4 Nf6 30. g4 Nxe4 31. Qe3 Nf6 32. Rxf6 Qxf6 33. Bc3 Qxh4 34. Bxe5
Nxe5 35. Qxe5 Rfe8 0-1

[Event "Memorial Guido Cappello"]
[Site "Milano ITA"]
[Date "2015.06.11"]
[Round "8"]
[White "Cani, Gazmir"]
[Black "Beccari, Paolo"]
[WhiteElo "2128"]
[BlackElo "1821"]
[Result "1/2-1/2"]
[PlyCount "34"]
[EventDate "2015.06.15"]

1. d4 Nf6 2. Nf3 e6 3. c4 d5 4. Nc3 Be7 5. Bg5 O-O 6. e3 b6 7. cxd5 exd5 8. Bd3
Bb7 9. Qc2 h6 10. Bh4 Ne4 11. Bxe7 Qxe7 12. O-O Nd7 13. Rac1 Ndf6 14. Rfd1 Rac8
15. Qe2 c5 16. dxc5 bxc5 17. b3 Rfd8 1/2-1/2

[Event "Memorial Guido Cappello"]
[Site "Milano ITA"]
[Date "2015.06.11"]
[Round "8"]
[White "Gori, Andrea"]
[Black "Ricciardi, Arcangelo"]
[WhiteElo "2079"]
[BlackElo "1737"]
[Result "1-0"]
[PlyCount "89"]
[EventDate "2015.06.15"]

1. d4 d5 2. Nc3 Nf6 3. f3 Bf5 4. e3 c6 5. Bd3 e6 6. Nge2 Nbd7 7. g4 Bg6 8. Bxg6
hxg6 9. g5 Nh5 10. f4 b5 11. Qd3 b4 12. Na4 Qa5 13. b3 Rc8 14. O-O c5 15. a3 c4
16. Qd1 bxa3 17. Bxa3 Bxa3 18. Rxa3 Qb4 19. Ra2 cxb3 20. cxb3 O-O 21. Qd3 Rc6
22. Rc2 Rfc8 23. Rxc6 Rxc6 24. Rb1 Kh7 25. Kf2 f6 26. Rg1 f5 27. Rc1 Rxc1 28.
Nxc1 Qd6 29. Qd2 e5 30. dxe5 Qc6 31. Qc3 Qe6 32. Ne2 Nf8 33. Qc5 Kg8 34. Nd4
Qd7 35. Nc3 Ne6 36. Nxe6 Qxe6 37. Qxd5 Kf7 38. Ke2 Qxd5 39. Nxd5 Ke6 40. Nc3
Kd7 41. Kd3 a6 42. Kc4 Kc6 43. Nd5 Kd7 44. Kc5 a5 45. Kb6 1-0

[Event "Memorial Guido Cappello"]
[Site "Milano ITA"]
[Date "2015.06.11"]
[Round "8"]
[White "Nepi, Ezio"]
[Black "Silari, Andrea"]
[WhiteElo "1963"]
[BlackElo "1694"]
[Result "1-0"]
[PlyCount "75"]
[EventDate "2015.06.15"]

1. d4 f5 2. g3 Nf6 3. Bg2 e6 4. Nf3 d5 5. c4 c6 6. O-O Be7 7. Nbd2 O-O 8. Ne5
Nbd7 9. Ndf3 Nxe5 10. Nxe5 Nd7 11. Qc2 Bd6 12. Nd3 Nf6 13. Bf4 Bxf4 14. Nxf4 g5
15. Nd3 Bd7 16. Ne5 Be8 17. cxd5 Nxd5 18. Rad1 Ne7 19. Qb3 Qc8 20. Rc1 Bf7 21.
e4 fxe4 22. Bxe4 Nd5 23. f4 Nf6 24. Bb1 g4 25. Qd3 Qe8 26. Nxg4 Bg6 27. Nxf6+
Rxf6 28. Qb3 Bxb1 29. Rxb1 Qd7 30. Rbd1 Kg7 31. Rfe1 h5 32. Re5 Kh6 33. Qe3 Kg6
34. Rg5+ Kh6 35. f5 exf5 36. Rxf5+ Kg7 37. Rg5+ Rg6 38. Qe5+ 1-0

[Event "Memorial Guido Cappello"]
[Site "Milano ITA"]
[Date "2015.06.11"]
[Round "8"]
[White "Pelizzola, Danilo"]
[Black "Cantoro, Daniele"]
[WhiteElo "2080"]
[BlackElo "2107"]
[Result "1/2-1/2"]
[PlyCount "21"]
[EventDate "2015.06.15"]

1. e4 e6 2. d4 d5 3. exd5 exd5 4. Bd3 Bd6 5. Nf3 Nf6 6. O-O O-O 7. Bg5 c6 8. c3
Bg4 9. Nbd2 Nbd7 10. Qc2 Qc7 11. Rfe1 1/2-1/2